WWE PPV Names - Sudden Death - Statistics

General Stats
  • This quiz has been taken 6,398 times
    4,100 since last reset
  • The average score is 11 of 21
Answers on the Grid
Answers color-coded by a green-red scale on the quiz's grid according to % correct below.
All Out
Backlash
Bash at the Beach
Battle of the Brawlers
Bound for Glory
Capitol Punishment
Clash at the Castle
Clash of the Titans
Convicted for Murder
December to Dismember
Destination X
Double or Nothing
Easter Entanglement
Elimination Chamber
End of Days
Fall from Grace
Fast and Furious
Final Frontier
Great American Bash
Great Balls of Fire
Halloween Havoc
Hell in a Cell
Invasion
Junkyard Jamboree
Killer Instinct
King of the Ring
Money in the Bank
No Mercy
One Night Stand
Over the Edge
Predators and Prey
Royal Rumble
Starrcade
Summerslam
Survivor Series
Taboo Tuesday
TLC
Winter War
Wrestlefest
Wrestlemania
 
Answer Stats
Answer % Correct
Backlash
95%
Elimination Chamber
59%
Clash at the Castle
58%
Hell in a Cell
58%
Money in the Bank
57%
Royal Rumble
57%
Summerslam
56%
Wrestlemania
56%
King of the Ring
55%
No Mercy
55%
Survivor Series
55%
TLC
54%
Great American Bash
49%
Capitol Punishment
42%
Great Balls of Fire
42%
One Night Stand
42%
Over the Edge
39%
December to Dismember
35%
Invasion
34%
Taboo Tuesday
34%
Halloween Havoc
31%
No matching quizzes found
Score Distribution
Percent of People with Each Score
Percentile by Number Answered
Your Score History
You have not taken this quiz since the last reset